ইতিহাস ও সমাজচিন্তা / (Record no. 104990)
[ view plain ]
| 000 -LEADER | |
|---|---|
| fixed length control field | 00775nam a22002177a 4500 |
| 003 - CONTROL NUMBER IDENTIFIER | |
| control field | BD-DhUL |
| 005 - DATE AND TIME OF LATEST TRANSACTION | |
| control field | 20160919113046.0 |
| 008 - FIXED-LENGTH DATA ELEMENTS--GENERAL INFORMATION | |
| fixed length control field | 160919s2001 bg a|||| |||| 00| 0 ben |
| 020 ## - INTERNATIONAL STANDARD BOOK NUMBER | |
| International Standard Book Number | 9844102162 |
| 040 ## - CATALOGING SOURCE | |
| Original cataloging agency | BD-DhUL |
| Transcribing agency | BD-DhUL |
| 082 ## - DEWEY DECIMAL CLASSIFICATION NUMBER | |
| Classification number | 954.92 |
| Item number | SHI |
| 100 1# - MAIN ENTRY--PERSONAL NAME | |
| Personal name | শরীফ, আহমদ। |
| 245 1# - TITLE STATEMENT | |
| Title | ইতিহাস ও সমাজচিন্তা / |
| Statement of responsibility, etc. | আহমদ শরীফ |
| 260 ## - PUBLICATION, DISTRIBUTION, ETC. (IMPRINT) | |
| Place of publication, distribution, etc. | ঢাকা : |
| Name of publisher, distributor, etc. | মাওলা ব্রাদার্স, |
| Date of publication, distribution, etc. | ২০০১। |
| 300 ## - PHYSICAL DESCRIPTION | |
| Extent | ৪৮৪পৃ. ; |
| Dimensions | ২১ সেমি। |
| 365 ## - TRADE PRICE | |
| Price type code | BDT |
| Price amount | 300.00 |
| 504 ## - BIBLIOGRAPHY, ETC. NOTE | |
| Bibliography, etc | জীবনপঞ্জী : পৃ. ৪৭১-৪৮৪। |
| 651 #0 - SUBJECT ADDED ENTRY--GEOGRAPHIC NAME | |
| Geographic name | বাংলাদেশ |
| General subdivision | ইতিহাস |
| 651 #0 - SUBJECT ADDED ENTRY--GEOGRAPHIC NAME | |
| Geographic name | Bangladesh |
| General subdivision | History |
| 942 ## - ADDED ENTRY ELEMENTS (KOHA) | |
| Source of classification or shelving scheme | |
| Koha item type | Books |
| Price effective from | Date last seen | Permanent Location | Not for loan | Date acquired | Source of classification or shelving scheme | Koha item type | Lost status | Withdrawn status | Copy number | Source of acquisition | Collection code | Damaged status | Shelving location | Barcode | Current Location | Full call number |
|---|---|---|---|---|---|---|---|---|---|---|---|---|---|---|---|---|
| 2016-09-19 | 2016-09-19 | Dhaka University Library | 2002-06-09 | Books | 1 | Purchased | Non Fiction | General Stacks | 396983 | Dhaka University Library | 954.92 SHI | |||||
| 2016-09-19 | 2016-09-19 | Dhaka University Library | 2016-09-19 | Books | 5 | Purchased | Non Fiction | General Stacks | 396987 | Dhaka University Library | 954.92 SHI | |||||
| 2016-09-19 | 2016-09-19 | Dhaka University Library | 2002-06-09 | Books | 3 | Purchased | Non Fiction | General Stacks | 396985 | Dhaka University Library | 954.92 SHI | |||||
| 2016-09-19 | 2016-09-19 | Dhaka University Library | 2002-06-09 | Books | 2 | Purchased | Non Fiction | General Stacks | 396984 | Dhaka University Library | 954.92 SHI | |||||
| 2017-05-17 | 2017-05-17 | Dhaka University Library | 2017-05-17 | Books | 7 | Gift | Non Fiction | Dr. Aftab Ahmed Collection | 435897 | Dhaka University Library | 954.92 SHI | |||||
| 2017-05-17 | 2017-05-17 | Dhaka University Library | 2017-05-17 | Books | 6 | Gift | Fiction | Dr. Aftab Ahmed Collection | 430000 | Dhaka University Library | 954.92 SHI |
